书目信息 |
| 题名: |
化工原理实验
|
|
| 作者: | 刘军海 , 李志洲 主编 | |
| 分册: | ||
| 出版信息: | 西安 西北工业大学出版社 2021.08 |
|
| 页数: | 102页 | |
| 开本: | 26cm | |
| 丛书名: | ||
| 单 册: | ||
| 中图分类: | TQ02-33 | |
| 科图分类: | ||
| 主题词: | ||
| 电子资源: | ||
| ISBN: | 978-7-5612-7922-9 | |
| 000 | 00618nam0 2200217 450 | |
| 001 | 011025153313 | |
| 005 | 20221025153313.0 | |
| 010 | @a978-7-5612-7922-9@dCNY28.50 | |
| 100 | @a20201004d2021 em y0chiy0120 ea | |
| 101 | 0 | @achi |
| 102 | @aCN@b610000 | |
| 105 | @aa z 000yy | |
| 106 | @ar | |
| 200 | 1 | @a化工原理实验@Ahua gong yuan li shi yan@f刘军海, 李志洲主编 |
| 210 | @a西安@c西北工业大学出版社@d2021.08 | |
| 215 | @a102页@c图@d26cm | |
| 330 | @化工原理实验 | |
| 690 | @aTQ02-33@v5 | |
| 701 | 0 | @a刘军海@Aliu jun hai@4主编 |
| 701 | 0 | @a李志洲@Ali zhi zhou@4主编 |
| 905 | @a河南城建学院图书馆@dTQ02-33@eL632 | |
| 化工原理实验/刘军海, 李志洲主编.-西安:西北工业大学出版社,2021.08 |
| 102页:图;26cm |
| ISBN 978-7-5612-7922-9:CNY28.50 |
| ● |
| 相关链接 |
|
|
|
正题名:化工原理实验
索取号:TQ02-33/L632
 
预约/预借
| 序号 | 登录号 | 条形码 | 馆藏地/架位号 | 状态 | 备注 |
| 1 | 1587438 | 215874383 | 自科库501/501自科库 137排7列4层/ [索取号:TQ02-33/L632] | 在馆 |